Southville International School and Colleges
Your cart is empty.
  • Cart
  • Lists
    Public lists Eva Luna New books Lux_list list_1
    Your lists Log in to create your own lists
  • Log in to your account
  • Your cookies
  • Search history
Southville International School and Colleges
  • Advanced search
  • Recent comments
  • Most popular
  • Libraries

Log in to your account

Log in with GOOGLE


If you do not have an external account, but do have a local account, you can still log in:

  1. Home
  2. MARC view: Introducing global health :
Normal view MARC view ISBD view

Introducing global health : (Record no. 282716)

[ view plain ]
MARC details
000 -LEADER
fixed length control field 01965cam a2200373 i 4500
001 - CONTROL NUMBER
control field 17676224
003 - CONTROL NUMBER IDENTIFIER
control field PILC
005 - DATE AND TIME OF LATEST TRANSACTION
control field 20150218082940.0
008 - FIXED-LENGTH DATA ELEMENTS--GENERAL INFORMATION
fixed length control field 130326s2013 caua b 001 0 eng
010 ## - LIBRARY OF CONGRESS CONTROL NUMBER
LC control number 2013012274
020 ## - INTERNATIONAL STANDARD BOOK NUMBER
International Standard Book Number 9780470533284
035 ## - SYSTEM CONTROL NUMBER
System control number (DNLM)101604917
040 ## - CATALOGING SOURCE
Original cataloging agency DNLM/DLC
Transcribing agency DLC
Modifying agency DLC
042 ## - AUTHENTICATION CODE
Authentication code pcc
050 00 - LIBRARY OF CONGRESS CALL NUMBER
Classification number RA 418
Item number .M77 2013
060 10 - NATIONAL LIBRARY OF MEDICINE CALL NUMBER
Classification number WA 530.1
082 00 - DEWEY DECIMAL CLASSIFICATION NUMBER
Classification number 362.1
100 1# - MAIN ENTRY--PERSONAL NAME
Personal name Muennig, Peter,
Relator term author.
245 10 - TITLE STATEMENT
Title Introducing global health :
Remainder of title practice, policy, and solutions /
Statement of responsibility, etc Peter Muennig, Celina Su.
250 ## - EDITION STATEMENT
Edition statement 1st ed.
260 ## - PUBLICATION, DISTRIBUTION, ETC. (IMPRINT)
Place of publication, distribution, etc San Francisco :
Name of publisher, distributor, etc Jossey-Bass, a Wiley brand,
Date of publication, distribution, etc c2013.
300 ## - PHYSICAL DESCRIPTION
Extent xxvi, 369 pages :
Other physical details illustrations ;
Dimensions 24 cm.
504 ## - BIBLIOGRAPHY, ETC. NOTE
Bibliography, etc Includes bibliographical references (pages 351-355) and indexes.
505 0# - FORMATTED CONTENTS NOTE
Formatted contents note A very brief history of global health policy -- Case studies in development and health -- The global burden of disease -- Aid -- Health systems -- Social policy and global health -- A closer look at three political economies : China, Kerala, and Chile -- Global governance and health -- Poverty -- The physical environment and disease -- The social environment and disease -- Globalization, internal conflict, and the resource curse -- Frontiers in global health.
650 12 - SUBJECT ADDED ENTRY--TOPICAL TERM
Topical term or geographic name as entry element World Health.
650 22 - SUBJECT ADDED ENTRY--TOPICAL TERM
Topical term or geographic name as entry element Health Policy.
700 1# - ADDED ENTRY--PERSONAL NAME
Personal name Su, Celina,
Dates associated with a name 1977-
Relator term author.
776 08 - ADDITIONAL PHYSICAL FORM ENTRY
Display text Online version:
Main entry heading Muennig, Peter, author.
Title Introducing global health
Edition First edition.
Place, publisher, and date of publication San Francisco : Jossey-Bass, a Wiley brand, [2013]
International Standard Book Number 9781118220412
Record control number (DLC) 2013013500
856 42 - ELECTRONIC LOCATION AND ACCESS
Materials specified Contributor biographical information
Uniform Resource Identifier <a href="http://www.loc.gov/catdir/enhancements/fy1313/2013012274-b.html">http://www.loc.gov/catdir/enhancements/fy1313/2013012274-b.html</a>
856 42 - ELECTRONIC LOCATION AND ACCESS
Materials specified Publisher description
Uniform Resource Identifier <a href="http://www.loc.gov/catdir/enhancements/fy1313/2013012274-d.html">http://www.loc.gov/catdir/enhancements/fy1313/2013012274-d.html</a>
856 41 - ELECTRONIC LOCATION AND ACCESS
Materials specified Table of contents only
Uniform Resource Identifier <a href="http://www.loc.gov/catdir/enhancements/fy1313/2013012274-t.html">http://www.loc.gov/catdir/enhancements/fy1313/2013012274-t.html</a>
906 ## - LOCAL DATA ELEMENT F, LDF (RLIN)
a 7
b cbc
c orignew
d 1
e ecip
f 20
g y-gencatlg
942 ## - ADDED ENTRY ELEMENTS (KOHA)
Source of classification or shelving scheme Library of Congress Classification
Koha item type Books
Call number prefix Foreign
Holdings
Withdrawn status Lost status Source of classification or shelving scheme Damaged status Home library Current library Shelving location Date acquired Source of acquisition Sub Shelving location Total Checkouts Full call number Barcode Date last seen Price effective from Koha item type
    Library of Congress Classification   College Library College Library Reserve Section 02/18/2015 Library Fund     RA 418 .M77 2013 C19170 05/15/2018 02/18/2015 Books

Introducing global health :

APA

Muennig P., Su C., . (2013). Introducing global health. San Francisco: Jossey-Bass, a Wiley brand.

Chicago

Muennig Peter, Su Celina, . 2013. Introducing global health. San Francisco: Jossey-Bass, a Wiley brand.

Harvard

Muennig P., Su C., . (2013). Introducing global health. San Francisco: Jossey-Bass, a Wiley brand.

MLA

Muennig Peter, Su Celina, . Introducing global health. San Francisco: Jossey-Bass, a Wiley brand. 2013.

  • Place hold
  • Print
  • Cite
  • Add to your cart (remove)
  • Save record
    BIBTEX Dublin Core MARCXML MARC (non-Unicode/MARC-8) MARC (Unicode/UTF-8) MARC (Unicode/UTF-8, Standard) MODS (XML) RIS
  • More searches
    Search for this title in:
    Other Libraries (WorldCat) Other Databases (Google Scholar) Online Stores (Bookfinder.com) Open Library (openlibrary.org)

Exporting to Dublin Core...

SOUTHVILLE LIBRARY

Southville International School and Colleges Library

1281 Tropical Ave. Cor. Luxembourg St., BF Homes International, Las Pinas City

Tel. No. 8256374 / 252358 Loc. 117/146

Powered by Koha